Revenue law in Uganda / (Record no. 169)

MARC details
000 -LEADER
fixed length control field 01005cam a2200313 a 4500
001 - CONTROL NUMBER
control field 13525488
003 - CONTROL NUMBER IDENTIFIER
control field OSt
005 - DATE AND TIME OF LATEST TRANSACTION
control field 20150331120404.0
008 - FIXED-LENGTH DATA ELEMENTS--GENERAL INFORMATION
fixed length control field 040112s2003 ug b 001 0 eng
010 ## - LIBRARY OF CONGRESS CONTROL NUMBER
LC control number 2003406766
020 ## - INTERNATIONAL STANDARD BOOK NUMBER
Cancelled/invalid ISBN 9970413052
035 ## - SYSTEM CONTROL NUMBER
System control number (DLC) 2003406766
040 ## - CATALOGING SOURCE
Original cataloging agency DLC
Transcribing agency DLC
Modifying agency DLC
042 ## - AUTHENTICATION CODE
Authentication code lcode
043 ## - GEOGRAPHIC AREA CODE
Geographic area code f-ug---
050 00 - LIBRARY OF CONGRESS CALL NUMBER
Classification number KTW279
Item number .B35 2003
082 00 - DEWEY DECIMAL CLASSIFICATION NUMBER
Classification number 343.676104 BAK
Edition number 22
100 1# - MAIN ENTRY--PERSONAL NAME
Personal name Bakibinga, D. J.
9 (RLIN) 483
245 10 - TITLE STATEMENT
Title Revenue law in Uganda /
Statement of responsibility, etc by David J. Bakibinga.
260 ## - PUBLICATION, DISTRIBUTION, ETC. (IMPRINT)
Place of publication, distribution, etc Kampala :
Name of publisher, distributor, etc Professional Books Publishers,
Date of publication, distribution, etc 20034.
300 ## - PHYSICAL DESCRIPTION
Extent xlviii, 240 p. ;
Dimensions 21 cm.
504 ## - BIBLIOGRAPHY, ETC. NOTE
Bibliography, etc Includes bibliographical references and index.
650 #0 - SUBJECT ADDED ENTRY--TOPICAL TERM
Topical term or geographic name as entry element Income tax
General subdivision Law and legislation
Geographic subdivision Uganda.
9 (RLIN) 484
650 #0 - SUBJECT ADDED ENTRY--TOPICAL TERM
Topical term or geographic name as entry element Tax administration and procedure
Geographic subdivision Uganda.
9 (RLIN) 485
650 #0 - SUBJECT ADDED ENTRY--TOPICAL TERM
Topical term or geographic name as entry element Tax protests and appeals
Geographic subdivision Uganda.
9 (RLIN) 486
906 ## - LOCAL DATA ELEMENT F, LDF (RLIN)
a 7
b cbc
c origode
d 3
e ncip
f 20
g y-gencatlg
942 ## - ADDED ENTRY ELEMENTS (KOHA)
Source of classification or shelving scheme Dewey Decimal Classification
Item type Books
Holdings
Withdrawn status Lost status Source of classification or shelving scheme Damaged status Not for loan Home library Current library Shelving location Date acquired Total Checkouts Full call number Barcode Date last seen Price effective from Koha item type Public note Copy number
    Dewey Decimal Classification     Law Development Centre Main Library Law Development Centre Main Library Text Books and Laws 04/09/2011   343.676104 BAK 2011/2666 04/09/2011 04/09/2011 Books Reference book  
    Dewey Decimal Classification     Law Development Centre Main Library Law Development Centre Main Library Text Books and Laws 10/01/2012   343.676104 BAK 4006/2012 10/01/2012 10/01/2012 Books Reference book  
    Dewey Decimal Classification     Law Development Centre Main Library Law Development Centre Main Library Text Books and Laws 10/01/2012   343.676104 BAK 4007/2012 10/01/2012 10/01/2012 Books Reference book  
    Dewey Decimal Classification     Law Development Centre Main Library Law Development Centre Main Library Text Books and Laws 10/01/2012   343.676104 BAK 4008/2012 10/01/2012 10/01/2012 Books Reference book  
    Dewey Decimal Classification     Law Development Centre Main Library Law Development Centre Main Library Text Books and Laws 10/01/2012   343.676104 BAK 4009/2012 10/01/2012 10/01/2012 Books Reference book  
    Dewey Decimal Classification     Law Development Centre Main Library Law Development Centre Main Library Text Books and Laws 10/01/2012   343.676104 BAK 4010/2012 10/01/2012 10/01/2012 Books Reference book  
          Law Development Centre Main Library Law Development Centre Main Library Text Books and Laws 10/30/2013   343.676104 BAK 8066/2013 10/30/2013 10/30/2013 Books reserve  
    Dewey Decimal Classification     Law Development Centre Main Library Law Development Centre Main Library Text Books and Laws 01/16/2014   343.676104 BAK 7110/2014 01/16/2014 01/16/2014 Books Reserve 1a
    Dewey Decimal Classification     Law Development Centre Main Library Law Development Centre Main Library Text Books and Laws 01/16/2014   343.676104 BAK 7111/2014 01/16/2014 01/16/2014 Books Reserve 1b
    Dewey Decimal Classification     Law Development Centre Main Library Law Development Centre Main Library Text Books and Laws 01/16/2014   343.676104 BAK 7112/2014 01/16/2014 01/16/2014 Books Reserve 1c
    Dewey Decimal Classification     Law Development Centre Main Library Law Development Centre Main Library Text Books and Laws 01/16/2014   343.676104 BAK 7114/2014 01/16/2014 01/16/2014 Books Reserve 1d
    Dewey Decimal Classification     Law Development Centre Main Library Law Development Centre Main Library Text Books and Laws 01/16/2014   343.676104 BAK 7113/2014 01/16/2014 01/16/2014 Books Reserve 1e
    Dewey Decimal Classification     Law Development Centre Main Library Law Development Centre Main Library Text Books and Laws 01/16/2014   343.676104 BAK 7115/2014 01/16/2014 01/16/2014 Books Reserve 1f
    Dewey Decimal Classification     Law Development Centre Main Library Law Development Centre Main Library Text Books and Laws 01/16/2014   343.676104 BAK 7116/2014 01/16/2014 01/16/2014 Books Reserve 1g
    Dewey Decimal Classification     Law Development Centre Main Library Law Development Centre Main Library Text Books and Laws 01/16/2014   343.676104 BAK 7117/2014 01/16/2014 01/16/2014 Books Reserve 1h
    Dewey Decimal Classification     Law Development Centre Main Library Law Development Centre Main Library Text Books and Laws 01/16/2014   343.676104 BAK 7118/2014 01/16/2014 01/16/2014 Books Reserve 1I